000 00730nam a2200229Ia 4500
001 9650
003 GE_BSU
008 181216s||||||||xx |||||||||||||| ||und||
040 _cGE_BSU
080 _a821.353.1–32
100 _aმოსაშვილი,მინდია
245 _aლეგენდის დაბადება
245 _bმოთხრობები
245 _cრედ.ნ.გოგოძე;მხატვ.შ.დოლიძე
260 _aთბილისი
260 _bნაკადული
260 _c1977
300 _a158გვ.20სმ.
653 _aლეგენდის დაბადება
653 _aმოთხრობები
942 _cBK
999 _c42934
_d42934